Around the world with Jim Rogers : investment biker.

Bibliographic Details
Main Author: Rogers
Format: Book
Published: West Sussex: John Wiley, 1994.
Subjects:
LEADER 00436cam a2200157 7i4500
001 0000004386
005 19991025090000.0
002 ##000005876
020 0 0 |a 0-471-96126-4  
090 0 0 |a B 332.6   |b ROG 
100 1 0 |a Rogers  
245 1 0 |a Around the world with Jim Rogers :   |b investment biker. 
260 0 0 |a West Sussex:   |b John Wiley,   |c 1994. 
300 0 0 |a 402 p.. 
650 0 0 |a Investments  
999 |a 0000006917  |b Book  |c Open shelf  |e Business Information Centre